| 000 | 03295nam0a2200373 4500 | ||
|---|---|---|---|
| 001 | RU\NLR\BIBL_A\016252834 | ||
| 005 | 20230926150109.0 | ||
| 010 |
_a978-5-6048629-3-3 _950 |
||
| 021 |
_aRU _bКН-П-22-087399 _9КН-П-22-7748 |
||
| 035 | _a(NLR Aleph) 016252834 | ||
| 035 | _a(RuMoRGB)011452750 | ||
| 090 |
_a12833171 _c12833171 |
||
| 100 | _a20230109d2022 u y0rusy50 ca | ||
| 101 | 0 | _arus | |
| 102 | _aRU | ||
| 105 | _aac j 000zy | ||
| 181 | 0 |
_ai _baxxe |
|
| 182 | 0 | _an | |
| 200 | 1 |
_aМатематические основы судовождения _eучебное пособие _eдля курсантов специальности 26.05.05 "Судовождение" очной и заочной форм обучения _fГ. И. Пазынич _gФедеральное государственное бюджетное образовательное учреждение высшего образования "Керченский государственный морской технологический университет", Кафедра судовождения и промышленного рыболовства |
|
| 203 |
_aТекст _bвизуальный _cнепосредственный |
||
| 210 |
_aСимферополь _cН.Орiанда _cДымникова Н. В. _d2022 |
||
| 215 |
_a202, [1] с. _cил., цв. ил., портр., табл. _d22 |
||
| 320 | _aБиблиогр.: с. 194-198 (76 назв.) | ||
| 330 | _aВ пособии изложены современные представления об основных методах математических основ судовождения. Первая часть пособия содержит методику решения задач первых семи тем учебной программы специальной дисциплины, которые в современной литературе освещены в различных разрозненных источниках. Первая часть учебного пособия предназначена для подготовки современных специалистов судовождения с учетом требований компетенций по безопасному использованию транспортных и промысловых судов, а также для практической подготовки судоводителей отечественного морского и рыбопромыслового флота по эффективной эксплуатации морских судов различного типа и назначения | ||
| 333 | _a16+ | ||
| 606 | 1 |
_aСудовождение _xЗадачи _xРешение _xМатематические методы _jУчебные издания для высших учебных заведений _2nlr_sh1 _2nlr_sh2 _3RU\NLR\AUTH\661050798 |
|
| 675 |
_a656.6.052:519.6(075.8) _v4 |
||
| 686 |
_a39.47я73 _2rubbks |
||
| 686 | 1 | _aО471-01с116я73-1 | |
| 700 | 1 |
_aПазынич _bГ. И. _f1938-2021 _gГеоргий Иванович |
|
| 942 | _cBOOK | ||
| 980 | _aNB | ||